Govt. of
Madhya Pradesh

Augie March (Record no. 6138)

MARC details
000 -LEADER
fixed length control field 003310000a22001570004500
003 - CONTROL NUMBER IDENTIFIER
control field MACL
040 ## - CATALOGING SOURCE
Original cataloging agency MACL
090 ## - LOCALLY ASSIGNED LC-TYPE CALL NUMBER (OCLC); LOCAL CALL NUMBER (RLIN)
-- 6186
-- 6185
100 ## - MAIN ENTRY--PERSONAL NAME
Personal name Bellow, Saul
245 ## - TITLE STATEMENT
Title Augie March
Remainder of title The Adventures of
260 ## - PUBLICATION, DISTRIBUTION, ETC. (IMPRINT)
Name of publisher, distributor, etc. Kalyani Publishers
Date of publication, distribution, etc. 1953
350 ## - PRICE (NR) (BK AM CF MU VM SE) [OBSOLETE]
Price 36
650 ## - SUBJECT ADDED ENTRY--TOPICAL TERM
Topical term or geographic name as entry element Fiction
942 ## - ADDED ENTRY ELEMENTS (KOHA)
Koha item type Library Membar
Call number prefix 3436
951 ## - EQUIVALENCE OR CROSS-REFERENCE--GEOGRAPHIC NAME/AREA NAME [OBSOLETE] [CAN/MARC only]
-- 3436 BOOK

No items available.